000 00285nam a22001337a 4500
003 SGT
082 _a615.53
_bT14KH
100 _aKHANDELWAL,S.N
245 _aTANTRA ME AYURVEDA
260 _aVARANASI
_bCHAUKHAMBHA PUB
_c2014
300 _a260
650 _aAYURVEDA
942 _2ddc
_cBK
_01
999 _c8558
_d8558